000 00523nmm a2200217 a 4500
003 AR-BaBNM
005 20251128203339.0
008 297019s1984 ||||||||||||||000 | spa||
020 _a950-650-002-9
040 _cAR-BaBNM
245 1 0 _aBreve diccionario político
250 _a3ª ed.
260 _aBuenos Aires
_bEditorial Cartago
_c1984
300 0 _a141 p.
650 4 _aDICCIONARIOS
650 4 _aPOLITICA
655 _aREFERENCIA
700 1 _aArévalo, Oscar
_eprologuista
942 _cBK
998 _claura
999 _c2994
_d2994